000 00388pam a2200157a 44500
008 230515b1976 xxu||||| |||| 00| 0 eng d
020 _aNULL
041 _aENGLISH
082 _a630
100 _a7810-1975
245 _aRADIOGRAPHIC EXAMINATION OF RESISTANCE OF SPOT WELDS ON ALUMINUM AND ITS ALLOYS
250 _a0
260 _aDELHI
_bISI
_c1976
300 _a24
650 _aNULL
999 _c651881
_d651881